Detalles MARC
| 000 -LEADER |
| fixed length control field |
01225nam a2200349 i 4500 |
| 001 - CONTROL NUMBER |
| control field |
000046793 |
| 003 - CONTROL NUMBER IDENTIFIER |
| control field |
|
| 005 - DATE AND TIME OF LATEST TRANSACTION |
| control field |
20251017100509.0 |
| 007 - PHYSICAL DESCRIPTION FIXED FIELD--GENERAL INFORMATION |
| fixed length control field |
ta |
| 008 - FIXED-LENGTH DATA ELEMENTS--GENERAL INFORMATION |
| fixed length control field |
180326e2016 dr ac jr 001 0dspa d |
| 020 ## - INTERNATIONAL STANDARD BOOK NUMBER |
| International Standard Book Number |
9789945484212 |
| 040 ## - CATALOGING SOURCE |
| Original cataloging agency |
DO-SdBPM |
| Language of cataloging |
spa |
| Transcribing agency |
BPMSU |
| Description conventions |
rda |
| 041 ## - LANGUAGE CODE |
| Language code of original |
spa |
| 082 #4 - DEWEY DECIMAL CLASSIFICATION NUMBER |
| Classification number |
RD863.5 |
| Item number |
C794h 2016 |
| Edition number |
22 |
| 100 1# - MAIN ENTRY--PERSONAL NAME |
| Personal name |
Cordero, Jesús |
| Relator term |
autor |
| 245 13 - TITLE STATEMENT |
| Title |
Héroes del Caliche : |
| Remainder of title |
Antogía de microrelatos / |
| Statement of responsibility, etc. |
selección Jesús Cordero |
| 264 ## - PRODUCTION, PUBLICATION, DISTRIBUTION, MANUFACTURE, AND COPYRIGHT NOTICE |
| Place of production, publication, distribution, manufacture |
San Cristóbal, República Dominicana : |
| Name of producer, publisher, distributor, manufacturer |
Fundación Literaria Aníbal Montaño(FLAM), |
| Date of production, publication, distribution, manufacture, or copyright notice |
2016 |
| 300 ## - PHYSICAL DESCRIPTION |
| Extent |
98 páginas ; |
| Dimensions |
23 cm. |
| 336 ## - CONTENT TYPE |
| Source |
rdacontent |
| Content type term |
texto |
| Content type code |
txt |
| 337 ## - MEDIA TYPE |
| Source |
rdamedia |
| Media type term |
sin mediación |
| Media type code |
n |
| 338 ## - CARRIER TYPE |
| Source |
rdacarrier |
| Carrier type term |
volumen |
| Carrier type code |
nc |
| 490 0# - SERIES STATEMENT |
| Series statement |
Nuevos narradores sancristobalenses; |
| -- |
Co Marca Provincia ; |
| 500 ## - GENERAL NOTE |
| General note |
Incluye datos biográficos de la autora en las solapas |
| 500 ## - GENERAL NOTE |
| General note |
20 aniversario 1997-2017 |
| 590 ## - LOCAL NOTE (RLIN) |
| Local note |
Inventariado, 2016/ VM |
| 650 #7 - SUBJECT ADDED ENTRY--TOPICAL TERM |
| Topical term or geographic name as entry element |
Cuentos dominicanos |
| Form subdivision |
Colecciones |
| 650 #7 - SUBJECT ADDED ENTRY--TOPICAL TERM |
| Topical term or geographic name as entry element |
Microcuento |
| 650 #7 - SUBJECT ADDED ENTRY--TOPICAL TERM |
| Topical term or geographic name as entry element |
Literatura dominicana |
| 710 2# - ADDED ENTRY--CORPORATE NAME |
| Corporate name or jurisdiction name as entry element |
Fundación Literaria Aníbal Montaño (República Dominicana) |
| 910 ## - USER-OPTION DATA (OCLC) |
| User-option data |
VMateo V. Control de calidad BPMSU |
| 942 ## - ADDED ENTRY ELEMENTS (KOHA) |
| Source of classification or shelving scheme |
Dewey Decimal Classification |
| Koha item type |
Libros |